000 00317nam a2200133Ia 4500
005 20251222143216.0
008 251222s9999||||xx |||||||||||||| ||spa||
020 _a978-958-8675-89-3
082 _a627/O73
100 _aOrtiz Flórez, Ramiro
245 0 _aHidráulica:
264 _bEdiciones de la U
942 _cLIB
999 _c13631
_d13631